[Event "US Open-117"]
[Site "Indianapolis"]
[Date "2016.08.04"]
[Round "6"]
[White "Monokroussos, Dennis"]
[Black "Larson, Gerald A"]
[Result "1/2-1/2"]
[WhiteElo "2263"]
[BlackElo "2113"]
[PlyCount "165"]
[EventDate "2016.07.30"]
[EventType "swiss"]
[EventRounds "9"]
[EventCountry "USA"]
[SourceTitle "CBM 173 Extra"]
[Source "ChessBase"]
[SourceDate "2016.08.29"]
[SourceVersion "1"]
[SourceVersionDate "2016.08.29"]
[SourceQuality "1"]

1. e4 c5 2. Nf3 Nc6 3. Bb5 g6 4. 0-0 Bg7 5. Re1 Nf6 6. Nc3 0-0 7. e5 Ne8 8. Bxc6 dxc6 9. Ne4 b6 10. h3 Be6 11. Qe2 Nc7 12. d3 Bd5 13. a4 Qd7 14. a5 Ne6 15. c4 Bxe4 16. Qxe4 Rad8 17. Ra3 b5 18. Rd1 f5 19. exf6 exf6 20. cxb5 cxb5 21. a6 Rfe8 22. Qb7 Re7 23. Re1 Kf7 24. Qxd7 Rexd7 25. Ra5 Nc7 26. Be3 Bf8 27. b4 c4 28. Rb1 Rxd3 29. Raa1 R8d6 30. Ne1 R3d5 31. Bf4 Rc6 32. Bxc7 Rxc7 33. Nc2 c3 34. Rb3 Rd2 35. Rc1 Rc6 36. Ne3 c2 37. Rb2 Rxa6 38. Rcxc2 Ra1+ 39. Kh2 Rxc2 40. Nxc2 Rd1 41. Ra2 Rd7 42. Ra5 Rc7 43. Ne3 Bxb4 44. Rxb5 Bd6+ 45. g3 Ke6 46. Kg2 Bc5 47. Kf3 Kd6 48. Ke4 Kc6 49. Rb8 Rb7 50. Ra8 Kb5 51. Kd3 a5 52. Nd1 Kb4 53. Kc2 a4 54. Nb2 Ba7 55. Nd3+ Kb5 56. Rd8 Rc7+ 57. Kb2 Kc4 58. Ka3 Bd4 59. Nf4 Bc5+ 60. Ka2 Rb7 61. Rd2 Rb3 62. Rc2+ Rc3 63. Rxc3+ Kxc3 64. Nd5+ Kd3 65. Nxf6 h6 66. Ng4 Ke4 67. Nxh6 Bxf2 68. Ka3 Bxg3 69. Kxa4 Be5 70. Kb3 Kf3 71. Nf7 Bf6 72. Kc4 Kg3 73. Kd3 Kxh3 74. Ke2 Kg4 75. Nd6 Kf4 76. Kf2 Bc3 77. Nf7 Bb2 78. Kg2 Bc1 79. Nh8 g5 80. Nf7 g4 81. Nh6 g3 82. Nf5 Kxf5 83. Kxg3 1/2-1/2

[Event "Chicago op 23rd"]
[Site "Wheeling"]
[Date "2014.05.25"]
[Round "6"]
[White "Monokroussos, Dennis"]
[Black "Priyadharshan, Kannappan"]
[Result "0-1"]
[WhiteElo "2295"]
[BlackElo "2420"]
[PlyCount "66"]
[EventDate "2014.05.22"]
[EventType "swiss"]
[EventRounds "9"]
[EventCountry "USA"]
[SourceTitle "CBM 160 Extra"]
[Source "ChessBase"]
[SourceDate "2014.07.01"]
[SourceVersion "1"]
[SourceVersionDate "2014.07.01"]
[SourceQuality "1"]

1. d4 d5 2. c4 dxc4 3. Nf3 Nf6 4. e3 b5 5. a4 b4 6. Bxc4 e6 7. 0-0 Be7 8. Nbd2 Bb7 9. Qc2 Nbd7 10. e4 c5 11. e5 Nd5 12. Ne4 cxd4 13. Bg5 0-0 14. Rfe1 Nxe5 15. Nxe5 Bxg5 16. Nc5 Qc7 17. Nxb7 Qxb7 18. Qe4 Rad8 19. Rad1 Qc7 20. h4 Bf6 21. Rxd4 Bxe5 22. Qxe5 Qxe5 23. Rxe5 Nb6 24. Rxd8 Rxd8 25. b3 Nxc4 26. bxc4 a6 27. Kf1 Kf8 28. g3 b3 29. Re2 Rb8 30. Rb2 Ke7 31. Ke2 Kd6 32. Kd3 Kc5 33. Kc3 a5 0-1

[Event "Skokie North Am 17th"]
[Site "Skokie"]
[Date "2008.11.19"]
[Round "8"]
[White "Monokroussos, Dennis"]
[Black "Tate, Emory"]
[Result "1-0"]
[WhiteElo "2290"]
[BlackElo "2339"]
[PlyCount "79"]
[EventDate "2008.11.15"]
[EventType "tourn"]
[EventRounds "9"]
[EventCountry "USA"]
[EventCategory "2"]
[SourceTitle "CBM 127 Extra"]
[Source "ChessBase"]
[SourceDate "2009.01.08"]
[SourceVersion "2"]
[SourceVersionDate "2009.01.28"]
[SourceQuality "1"]

1. e4 e6 2. Nf3 d5 3. Nc3 Nf6 4. e5 Nfd7 5. d4 b6 6. Bg5 Be7 7. Bxe7 Qxe7 8. Nb5 Na6 9. Bd3 0-0 10. 0-0 c5 11. a3 cxd4 12. b4 f6 13. Qe2 fxe5 14. Nxe5 Nxe5 15. Qxe5 Qf6 16. Rae1 Bd7 17. Nxd4 Qxe5 18. Rxe5 Nc7 19. f4 Rf6 20. f5 exf5 21. Nxf5 Bxf5 22. Rfxf5 Rxf5 23. Bxf5 g6 24. Re7 gxf5 25. Rxc7 d4 26. Kf2 a6 27. a4 Rd8 28. Rc6 d3 29. cxd3 Rxd3 30. Rxb6 a5 31. bxa5 Rd4 32. a6 Rxa4 33. Ke3 Kg7 34. Kd3 Ra2 35. Kc3 Rxg2 36. Rb2 Rg1 37. Ra2 Rc1+ 38. Kd4 Rc8 39. a7 Ra8 40. Ra6 1-0

[Event "Skokie North Am 17th"]
[Site "Skokie"]
[Date "2008.11.16"]
[Round "4"]
[White "Monokroussos, Dennis"]
[Black "Young, Angelo"]
[Result "1/2-1/2"]
[WhiteElo "2290"]
[BlackElo "2358"]
[PlyCount "58"]
[EventDate "2008.11.15"]
[EventType "tourn"]
[EventRounds "9"]
[EventCountry "USA"]
[EventCategory "2"]
[SourceTitle "CBM 127 Extra"]
[Source "ChessBase"]
[SourceDate "2009.01.08"]
[SourceVersion "2"]
[SourceVersionDate "2009.01.28"]
[SourceQuality "1"]

1. e4 e6 2. d4 d5 3. exd5 exd5 4. Bd3 Bd6 5. Ne2 Nc6 6. c3 Nge7 7. 0-0 Bf5 8. Bf4 0-0 9. Re1 Re8 10. Bxd6 Qxd6 11. Ng3 Bxd3 12. Qxd3 Ng6 13. Nd2 Nf4 14. Qf3 g6 15. Ne2 Nxe2+ 16. Rxe2 Re6 17. Rae1 Rae8 18. g3 Nb8 19. Nb3 Nd7 20. h4 Kg7 21. Kg2 b6 22. h5 Nf6 23. hxg6 hxg6 24. Nd2 c5 25. Rxe6 Rxe6 26. Rxe6 Qxe6 27. Qe3 Qxe3 28. fxe3 cxd4 29. exd4 Ne4 1/2-1/2

[Event "Skokie North Am 17th"]
[Site "Skokie"]
[Date "2008.11.15"]
[Round "1"]
[White "Monokroussos, Dennis"]
[Black "Tsyganov, Igor M"]
[Result "0-1"]
[WhiteElo "2290"]
[BlackElo "2248"]
[PlyCount "71"]
[EventDate "2008.11.15"]
[EventType "tourn"]
[EventRounds "9"]
[EventCountry "USA"]
[EventCategory "2"]
[SourceTitle "CBM 127 Extra"]
[Source "ChessBase"]
[SourceDate "2009.01.08"]
[SourceVersion "2"]
[SourceVersionDate "2009.01.28"]
[SourceQuality "1"]

1. e4 c5 2. c3 d5 3. exd5 Qxd5 4. d4 g6 5. dxc5 Qxc5 6. Be3 Qa5 7. Na3 Bg7 8. Nb5 Bd7 9. b4 Qd8 10. Bd4 Nf6 11. Be5 0-0 12. Nf3 Nc6 13. Nbd4 Nxe5 14. Nxe5 Nd5 15. Ndf3 Qc7 16. Qd4 Be6 17. Bc4 Nxb4 18. cxb4 Bxc4 19. Rc1 b5 20. Qe4 Rac8 21. Nxc4 bxc4 22. 0-0 c3 23. Rfe1 e6 24. h4 Qc4 25. Rc2 Rfd8 26. Qxc4 Rxc4 27. a3 Rd5 28. Rb1 e5 29. Kf1 e4 30. Ne1 Rd2 31. g3 Bd4 32. Rbc1 Rc6 33. f3 exf3 34. Nxf3 Rf6 35. Rxc3 Rf2+ 36. Ke1 0-1

[Event "Chicago North Am 11th"]
[Site "Chicago"]
[Date "2008.05.17"]
[Round "6"]
[White "Gauri, Shankar"]
[Black "Monokroussos, Dennis"]
[Result "0-1"]
[WhiteElo "2335"]
[BlackElo "2327"]
[PlyCount "98"]
[EventDate "2008.05.17"]
[EventType "tourn"]
[EventRounds "9"]
[EventCountry "USA"]
[EventCategory "3"]
[SourceTitle "CBM 124 Extra"]
[Source "ChessBase"]
[SourceDate "2008.07.03"]
[SourceVersion "1"]
[SourceVersionDate "2008.07.03"]
[SourceQuality "1"]

1. e4 e5 2. Nf3 Nc6 3. d4 exd4 4. Nxd4 Bc5 5. Nxc6 Qf6 6. Qf3 bxc6 7. Nd2 Qxf3 8. gxf3 d5 9. Nb3 Bd6 10. Be3 Ne7 11. c4 0-0 12. 0-0-0 dxe4 13. c5 Be5 14. f4 Bf6 15. Bg2 Bf5 16. Nd2 Rfb8 17. b3 Rb4 18. a3 Rb5 19. Bf1 Rbb8 20. Bc4 Nd5 21. Kc2 Rd8 22. Nf1 Bg4 23. Rc1 Bf3 24. Rg1 a5 25. Nd2 Nxe3+ 26. fxe3 Bb2 27. Nxf3 Bxc1 28. Bxf7+ Kf8 29. Rxc1 exf3 30. Bh5 Rd5 31. Bxf3 Rxc5+ 32. Kb2 Rxc1 33. Kxc1 Rb8 34. Kc2 c5 35. Be4 Ke7 36. Bxh7 Rh8 37. Bd3 Rxh2+ 38. Kc3 Rf2 39. f5 Kd6 40. a4 Rf3 41. e4 Re3 42. Kc4 c6 43. Kc3 Re1 44. Kd2 Rg1 45. Kc3 Ke5 46. Kd2 Kd4 47. Bc2 Rg2+ 48. Kd1 Kc3 49. e5 Rxc2 0-1

[Event "Chicago North Am 11th"]
[Site "Chicago"]
[Date "2008.05.17"]
[Round "4"]
[White "Monokroussos, Dennis"]
[Black "Loncarevic, Robert"]
[Result "1-0"]
[WhiteElo "2327"]
[BlackElo "2095"]
[PlyCount "75"]
[EventDate "2008.05.17"]
[EventType "tourn"]
[EventRounds "9"]
[EventCountry "USA"]
[EventCategory "3"]
[SourceTitle "CBM 124 Extra"]
[Source "ChessBase"]
[SourceDate "2008.07.03"]
[SourceVersion "1"]
[SourceVersionDate "2008.07.03"]
[SourceQuality "1"]

1. e4 e5 2. Nf3 Nc6 3. Bb5 a6 4. Ba4 Nf6 5. 0-0 Be7 6. Re1 b5 7. Bb3 0-0 8. h3 Re8 9. Nc3 h6 10. a3 Bf8 11. d3 d6 12. Nd5 Na5 13. Ba2 Nxd5 14. Bxd5 c6 15. Ba2 Be6 16. Bxe6 Rxe6 17. b4 Nb7 18. d4 Re8 19. Bb2 Qc7 20. Rc1 Rad8 21. c4 bxc4 22. d5 c5 23. Rxc4 Qb6 24. Bc1 a5 25. bxc5 Nxc5 26. Be3 Qb3 27. Qxb3 Nxb3 28. Nd2 Rb8 29. a4 Be7 30. Rc6 Kf8 31. Nc4 Rb4 32. Rb1 Nd4 33. Rxb4 axb4 34. Rb6 Nc2 35. a5 Rc8 36. a6 Nxe3 37. a7 Rxc4 38. a8Q+ 1-0

[Event "Chicago North Am 11th"]
[Site "Chicago"]
[Date "2008.05.17"]
[Round "5"]
[White "Stamnov, Aleksander"]
[Black "Monokroussos, Dennis"]
[Result "0-1"]
[WhiteElo "2239"]
[BlackElo "2327"]
[PlyCount "90"]
[EventDate "2008.05.17"]
[EventType "tourn"]
[EventRounds "9"]
[EventCountry "USA"]
[EventCategory "3"]
[SourceTitle "CBM 124 Extra"]
[Source "ChessBase"]
[SourceDate "2008.07.03"]
[SourceVersion "1"]
[SourceVersionDate "2008.07.03"]
[SourceQuality "1"]

1. e4 e5 2. d4 exd4 3. Qxd4 Nc6 4. Qe3 Nf6 5. Nc3 Bb4 6. Bd2 0-0 7. 0-0-0 Re8 8. Qg3 Rxe4 9. a3 Bd6 10. f4 Re8 11. Bd3 Bc5 12. Nf3 d5 13. Qh4 Ne7 14. Ne5 Nf5 15. Qe1 Ng4 16. Qe2 Nd4 17. Qf1 a5 18. Nxg4 Bxg4 19. Re1 c6 20. Kb1 b5 21. Be3 Nxc2 22. Bxc2 Rxe3 23. Rxe3 Bxe3 24. Qd3 d4 25. Qxh7+ Kf8 26. Qh8+ Ke7 27. Qxg7 dxc3 28. Re1 Qd2 29. Qe5+ Be6 30. Qxe3 Qxe3 31. Rxe3 Kd6 32. bxc3 Rh8 33. h3 Rh4 34. g4 f5 35. gxf5 Bd5 36. Kc1 Rxf4 37. Re2 Rf3 38. Kd2 Rxh3 39. Bd3 Rxd3+ 40. Kxd3 Bc4+ 41. Ke3 Bxe2 42. Kxe2 Ke5 43. Kd3 c5 44. a4 bxa4 45. Kc4 Kxf5 0-1

[Event "Chicago North Am 11th"]
[Site "Chicago"]
[Date "2008.05.17"]
[Round "3"]
[White "Tate, Emory"]
[Black "Monokroussos, Dennis"]
[Result "1/2-1/2"]
[WhiteElo "2378"]
[BlackElo "2327"]
[PlyCount "103"]
[EventDate "2008.05.17"]
[EventType "tourn"]
[EventRounds "9"]
[EventCountry "USA"]
[EventCategory "3"]
[SourceTitle "CBM 124 Extra"]
[Source "ChessBase"]
[SourceDate "2008.07.03"]
[SourceVersion "1"]
[SourceVersionDate "2008.07.03"]
[SourceQuality "1"]

1. Nf3 d5 2. c4 c6 3. Qc2 Nf6 4. g3 g6 5. Bg2 Bg7 6. 0-0 0-0 7. d3 Nbd7 8. cxd5 Nxd5 9. d4 e5 10. e4 N5b6 11. a4 a5 12. Bg5 Qe8 13. Be3 exd4 14. Nxd4 Ne5 15. Nb3 Nbc4 16. Bc5 Nxb2 17. f4 Ned3 18. Bxf8 Qxf8 19. e5 Qb4 20. Ra2 Be6 21. Rxb2 Nxb2 22. Qxb2 Qxb3 23. Qxb3 Bxb3 24. Nc3 Bc2 25. Rf2 Bf5 26. Rb2 Ra7 27. Ne4 Bxe4 28. Bxe4 Kf8 29. Bd3 Ke8 30. Kg2 Bf8 31. Kf3 Bb4 32. f5 gxf5 33. Bxf5 h6 34. Kg4 Bc3 35. Re2 b5 36. Kh5 bxa4 37. Be4 a3 38. Bxc6+ Ke7 39. Bd5 Rd7 40. Bxf7 Rb7 41. Ba2 Rb2 42. Rxb2 axb2 43. e6 b1R 44. Bxb1 Kxe6 45. Kxh6 Be5 46. Kg5 a4 47. Ba2+ Ke7 48. Kf5 Bc7 49. Kg4 Kf6 50. Kf3 a3 51. h4 Bxg3 52. Kxg3 1/2-1/2

[Event "Chicago North Am 10th"]
[Site "Chicago"]
[Date "2008.04.20"]
[Round "3"]
[White "Monokroussos, Dennis"]
[Black "Shankar, Gauri"]
[Result "1-0"]
[WhiteElo "2327"]
[BlackElo "2219"]
[PlyCount "103"]
[EventDate "2008.04.19"]
[EventType "tourn"]
[EventRounds "9"]
[EventCountry "USA"]
[EventCategory "2"]
[SourceTitle "CBM 123 Extra"]
[Source "ChessBase"]
[SourceDate "2008.05.06"]
[SourceVersion "1"]
[SourceVersionDate "2008.05.06"]
[SourceQuality "1"]

1. e4 c5 2. Nf3 d6 3. d4 cxd4 4. Nxd4 Nf6 5. Nc3 a6 6. Be3 e5 7. Nf3 Be7 8. Bc4 0-0 9. 0-0 Be6 10. Bb3 h6 11. Qe2 Nbd7 12. Nh4 b5 13. a3 Bxb3 14. cxb3 Nxe4 15. Nxe4 Bxh4 16. Nxd6 Qf6 17. Rad1 Qe6 18. Qh5 Be7 19. Qf5 Nc5 20. Bxc5 Qxf5 21. Nxf5 Bxc5 22. Rd5 Bd4 23. Nxd4 exd4 24. Rxd4 Rfd8 25. Rfd1 Rxd4 26. Rxd4 Rc8 27. g3 Rc2 28. Rd8+ Kh7 29. Ra8 Rc6 30. Ra7 Kg6 31. Rb7 f6 32. a4 Rc5 33. Rb6 Rc2 34. Rxa6 bxa4 35. Rxa4 Rxb2 36. Rg4+ Kf7 37. b4 f5 38. Rf4 Ke6 39. h4 g5 40. Rc4 Rb1+ 41. Kg2 g4 42. Rc6+ Kd5 43. Rxh6 Rxb4 44. h5 Ke5 45. Rg6 Rb7 46. h6 Rb8 47. h7 Rh8 48. Rh6 f4 49. gxf4+ Kxf4 50. Rh4 Kg5 51. Kg3 Kf5 52. Rh5+ 1-0

[Event "Internet Section 15-A"]
[Site "Dos Hermanas"]
[Date "2003.03.15"]
[Round "2"]
[White "Neves, Jose Joaquim A Cost"]
[Black "Monokroussos, Dennis"]
[Result "0-1"]
[WhiteElo "2031"]
[BlackElo "2245"]
[PlyCount "90"]
[EventDate "2003.03.15"]
[EventType "swiss (blitz)"]
[EventRounds "9"]
[EventCountry "ESP"]
[SourceTitle "EXT 2004"]
[Source "ChessBase"]
[SourceDate "2003.11.25"]
[SourceVersion "1"]
[SourceVersionDate "2003.11.25"]
[SourceQuality "1"]

1. e4 e5 2. Nc3 Nc6 3. Bc4 Nf6 4. d3 Bb4 5. Nge2 d5 6. exd5 Nxd5 7. Bd2 Be6 8. Nxd5 Bxd5 9. Bxd5 Qxd5 10. Bxb4 Nxb4 11. Qd2 c5 12. 0-0 0-0 13. Nc3 Qd4 14. Rae1 f5 15. Kh1 Rae8 16. a3 Nd5 17. Nxd5 Qxd5 18. Qa5 Qc6 19. Re2 a6 20. Rfe1 e4 21. dxe4 Rxe4 22. Qc3 Rfe8 23. Rxe4 Rxe4 24. f3 Rxe1+ 25. Qxe1 h6 26. h3 Qd5 27. Qe2 b5 28. h4 Kf7 29. Kh2 Qd4 30. Kh3 Qxb2 31. a4 c4 32. axb5 axb5 33. Qd2 Qe5 34. Qd7+ Kg6 35. Qc6+ Kh7 36. h5 f4 37. Qg6+ Kg8 38. Kh2 b4 39. Qb6 Qxh5+ 40. Kg1 Qd5 41. Qb8+ Kh7 42. Qxf4 b3 43. cxb3 cxb3 44. Qc1 Qd3 45. Kh2 Qc2 0-1

[Event "Internet Section 14-A"]
[Site "Dos Hermanas"]
[Date "2003.03.14"]
[Round "3"]
[White "Gelashvili, Tamaz"]
[Black "Monokroussos, Dennis"]
[Result "1-0"]
[WhiteElo "2511"]
[BlackElo "2245"]
[PlyCount "103"]
[EventDate "2003.03.14"]
[EventType "swiss (blitz)"]
[EventRounds "9"]
[EventCountry "ESP"]
[SourceTitle "EXT 2004"]
[Source "ChessBase"]
[SourceDate "2003.11.25"]
[SourceVersion "1"]
[SourceVersionDate "2003.11.25"]
[SourceQuality "1"]

1. e4 e5 2. Nf3 d5 3. Nxe5 dxe4 4. d4 Nd7 5. Nc4 Nb6 6. Nc3 Bf5 7. Bf4 Nf6 8. Nxb6 axb6 9. Bc4 Bb4 10. 0-0 0-0 11. Bg5 c6 12. Ne2 b5 13. Bb3 h6 14. Bh4 Be7 15. c3 Re8 16. Re1 Nh5 17. Ng3 Nxg3 18. Bxg3 Bd6 19. Qh5 Be6 20. Bc2 Bxg3 21. hxg3 f5 22. g4 Qf6 23. gxf5 Bxf5 24. Re3 b4 25. Rae1 bxc3 26. bxc3 Bg6 27. Qe2 Kh8 28. a4 Rf8 29. Bxe4 Bxe4 30. Rxe4 Rxa4 31. Re6 Qf5 32. Re7 Ra3 33. Re3 Qf6 34. f3 c5 35. Re6 Qf5 36. Re5 Qf7 37. Rxc5 Ra2 38. Qe4 b6 39. Re5 Qf6 40. Re8 Rxe8 41. Qxe8+ Kh7 42. Qe6 Qxe6 43. Rxe6 Rc2 44. Rc6 b5 45. d5 Kg8 46. Rc7 b4 47. d6 bxc3 48. d7 Rd2 49. Rc8+ Kf7 50. d8Q Rxd8 51. Rxd8 c2 52. Rc8 1-0

[Event "USA-chT Amateur East"]
[Site "Parsippany"]
[Date "1999.02.15"]
[Round "5"]
[White "Benjamin, Joel"]
[Black "Monokroussos, Dennis"]
[Result "1-0"]
[WhiteElo "2593"]
[BlackElo "2276"]
[PlyCount "99"]
[EventDate "1999.02.??"]
[EventType "team"]
[EventRounds "6"]
[EventCountry "USA"]
[SourceTitle "EXT 2000"]
[Source "ChessBase"]
[SourceDate "1999.11.16"]
[SourceVersion "1"]
[SourceVersionDate "1999.11.16"]
[SourceQuality "1"]

1. e4 d5 2. exd5 Nf6 3. Nf3 Nxd5 4. d4 Bg4 5. c4 Nb6 6. c5 Nd5 7. Qb3 Bc8 8. Bc4 e6 9. Nc3 Nxc3 10. bxc3 Be7 11. 0-0 0-0 12. Re1 Nd7 13. Bf4 b6 14. c6 Nf6 15. Rad1 a5 16. Bg3 Nd5 17. a4 Ba6 18. Bxa6 Rxa6 19. c4 Nf6 20. d5 exd5 21. cxd5 Bb4 22. Re2 Re8 23. Rxe8+ Nxe8 24. Ne5 Bd6 25. Nd7 Qe7 26. Kf1 Bb4 27. Qd3 Ra7 28. Qe2 Qxe2+ 29. Kxe2 Bd6 30. f4 Ra8 31. Kd3 Bb4 32. f5 f6 33. h3 Nd6 34. Bxd6 Bxd6 35. Re1 Kf7 36. Re6 Be7 37. Kc4 g6 38. d6 cxd6 39. Nxb6 Ra7 40. Nd5 Bd8 41. Rxd6 Ke8 42. fxg6 hxg6 43. Kb5 g5 44. g4 Ra8 45. c7 Be7 46. Re6 Kd7 47. Rxe7+ Kd6 48. Kb6 Kxd5 49. Rd7+ Ke6 50. Rd8 1-0